Foundations Of Stochastic Inventory Theory (Record no. 41168)

MARC details
000 -LEADER
fixed length control field 00306nam a2200109Ia 4500
008 - FIXED-LENGTH DATA ELEMENTS--GENERAL INFORMATION
fixed length control field 240719s9999 xx 000 0 und d
041 ## - LANGUAGE CODE
Language code of text/sound track or separate title eng
082 ## - DEWEY DECIMAL CLASSIFICATION NUMBER
Classification number 658.787 POR
100 ## - MAIN ENTRY--PERSONAL NAME
Personal name Porteus, Evan L
245 ## - TITLE STATEMENT
Title Foundations Of Stochastic Inventory Theory
260 ## - PUBLICATION, DISTRIBUTION, ETC.
Place of publication, distribution, etc. California
Name of publisher, distributor, etc. UNIVERSITY PRESS STANFOR
Date of publication, distribution, etc. 2002
Holdings
Withdrawn status Lost status Damaged status Not for loan Home library Current library Shelving location Date acquired Full call number Barcode Date last seen Price effective from Koha item type Public note
        IMTN IMTN Rack 33-B 10/19/2022 658.787 POR 32863 07/19/2024 04/10/2022 Books Gifted
Designed & Maintained by: LRC IMT Nagpur Contact: lrc@imtnag.ac.in© 2024. All Rights Reserved.